Vicdanımın sesi (Record no. 2825)

MARC details
000 -BAŞLIK
Sabit Uzunlukta Kontrol Alanı 00764na a2200253 4500
001 - KONTROL NUMARASI
Denetim Alanı 15051
003 - KONTROL NUMARASI IDENTIFIER
Denetim Alanı MIRAKIL
005 - SON İŞLEM TARİHİ VE ZAMANI
Denetim Alanı 20181213154910.0
008 - SABİT-BOY VERİ ELEMANLARI - GENEL BİLGİLER
Sabit Uzunlukta Kontrol Alanı 160917b tu 000 0
020 ## - ULUSLARARASI STANDART KİTAP NUMARASI
Uluslararası Standart Kitap Numarası 9786055117764
035 ## - SİSTEM KONTROL NUMARASI
Sistem Kontrol Numarası 15017
040 ## - KATALOGLAMA KAYNAK
Orijinal Kataloglama Ajansı Milas
Kataloglama Dili tur
Metne Dönüştürmek Ajansı TR-AnCHP
082 ## - DEWEY ONLU SINIFLANDIRMA NUMARASI
Sınıflandırma Numarası 923.8 Şatır,M.
Ürün Numarası Ş27v 2015
090 ## - SINIFLAMA NUMARASI
Sınıflama Numarası 923.8 Şatır,M. Ş27v 2015
100 ## - ANA GİRİŞ - KİŞİSEL İSİM
Kişisel Ad Şatır, Mahmut
245 ## - BAŞLIK TABLOSU
Başlık Vicdanımın sesi
Başlığın Kalan Bir harita-kadastro mühendisinin anıları
Sorumluluk Tablosu, Vb Mahmut Şatır
246 ## - UNVAN FORM VARYING
Başlık Doğru / Kısa Başlığı Bir harita-kadastro mühendisinin anıları
260 ## - YAYIN, DAĞITIM, VB
Yayın, Dağıtım, Vb Yeri İzmir
Yayıncı, Dağıtıcı, Vs Adı Etki Yayınları
Yayın, Dağıtım, Vb Tarihi 2015
300 ## - FİZİKSEL TANIM
Kapsam 288 s.
Diğer Fiziksel Ayrıntıları res.
Boyutlar 19 sm.
490 ## - SERİSİ TABLOSU
Seri Beyanı Etki Yayınları
Hacim / Ardışık Tanımı 574
600 ## - KONU KATMA GİRİŞ - KURUMSAL ADI
Kişisel Ad Şatır, Mahmut
Genel Alt Bölümü Anılar
650 ## - KONU KATMA GİRİŞ - TOPİKAL DÖNEM
Topikal Süreli Veya Coğrafi Ad Giriş Elemanı Mühendisler
Genel Alt Bölümü Anılar
942 ## - EKLENDİ GİRİŞ ELEMANLARI (KOHA)
Sınıflandırma Veya Raf Düzeni Kaynak Dewey Decimal Classification
Koha Öğesi Türü Books
999 ## - SİSTEM KONTROL NUMARALARI (KOHA)
Koha Biblionumber 2825
Koha Biblioitemnumber 2825
Holdings
Kalıcı Konum Mevcut Konum Edinme Tarihi Edinim Kaynak Toplam Check-Out'Lar Tam Çağrı Numarası Barkod Tarih Son Görülme İtibaren Geçerli Fiyatlar Koha Öğesi Türü
CHP Kütüphanesi CHP Kütüphanesi 09/03/2016 Bağış   923.8 Şatır,M. Ş27v 2015 003240 09/03/2016 09/03/2016 Books